La cámara de Pandora. La fotografía después de la fotografía.

Guardado en:
Detalles Bibliográficos
Autor principal: Fontcuberta, Joan (autor)
Formato: Libro
Publicado: Barcelona, España: Gustavo Gili SL, 2015.
Edición:2ª edición.
Materias:
Etiquetas: Agregar Etiqueta
Sin Etiquetas, Sea el primero en etiquetar este registro!

MARC

LEADER 00000nam a22000007a 4500
003 CL-VaPUC
005 20250321101927.0
008 250120t2015 ||||| |||| 00| 0 eng d
999 |c 446685  |d 446683 
020 |a 978-84-252-2833-9 
040 |c Pontificia Universidad Católica de Valparaíso 
082 0 4 |a 770.1 FON 2015  |2 21 
100 |a Fontcuberta, Joan  |e autor  |9 594961 
245 1 3 |a La cámara de Pandora.   |b La fotografía después de la fotografía. 
250 |a 2ª edición. 
260 |a Barcelona, España:  |b Gustavo Gili SL,   |c 2015. 
300 |a 189 páginas :  |b  ilustraciones. 
500 |a c.1. Instituto Arcos 8-1-2025 
583 |a last modification  |c 20140331 09:48:00  |k Cristina María Rojas Aguilar 
650 0 |a Fotografías artísticas  |9 535989 
650 0 |a Fotografías artísticas  |x Estética   |x Crítica e interpretación   |9 895194 
650 0 |a Fotografía (Filosofía)  |9 895177 
942 |c BK  |2 ddc  |n 0 
952 |0 0  |1 0  |2 ddc  |4 0  |6 770_100000000000000_FON_2015  |7 0  |8 A  |9 599605  |a BIBINC  |b BIBINC  |d 2025-01-20  |e Instituto Arcos   |i 5664613  |l 1  |o 770.1 FON 2015  |p 5664613  |r 2025-04-16  |s 2025-04-09  |t 1  |w 2025-01-20  |y BK  |k IFP